<?xml version="1.0" encoding="UTF-8"?><?xml-stylesheet type="text/xsl" href="static/style.xsl"?><OAI-PMH xmlns="http://www.openarchives.org/OAI/2.0/" xmlns:xsi="http://www.w3.org/2001/XMLSchema-instance" xsi:schemaLocation="http://www.openarchives.org/OAI/2.0/ http://www.openarchives.org/OAI/2.0/OAI-PMH.xsd"><responseDate>2026-04-14T17:43:08Z</responseDate><request verb="GetRecord" identifier="oai:uvadoc.uva.es:10324/45962" metadataPrefix="marc">https://uvadoc.uva.es/oai/request</request><GetRecord><record><header><identifier>oai:uvadoc.uva.es:10324/45962</identifier><datestamp>2021-06-30T05:23:27Z</datestamp><setSpec>com_10324_38</setSpec><setSpec>col_10324_852</setSpec></header><metadata><record xmlns="http://www.loc.gov/MARC21/slim" xmlns:doc="http://www.lyncode.com/xoai" xmlns:xsi="http://www.w3.org/2001/XMLSchema-instance" xmlns:dcterms="http://purl.org/dc/terms/" xsi:schemaLocation="http://www.loc.gov/MARC21/slim http://www.loc.gov/standards/marcxml/schema/MARC21slim.xsd">
<leader>00925njm 22002777a 4500</leader>
<datafield tag="042" ind1=" " ind2=" ">
<subfield code="a">dc</subfield>
</datafield>
<datafield tag="720" ind1=" " ind2=" ">
<subfield code="a">Porras Prieto, Ana</subfield>
<subfield code="e">author</subfield>
</datafield>
<datafield tag="260" ind1=" " ind2=" ">
<subfield code="c">2020</subfield>
</datafield>
<datafield tag="520" ind1=" " ind2=" ">
<subfield code="a">El presente Trabajo de Fin de Grado pretende mostrar la evolución que experimenta el grafismo infantil a lo largo del segundo ciclo de la etapa de Educación Infantil. En concreto se centra en el subgénero del autorretrato y la percepción que tiene el alumnado de sí mismo. Este trabajo supone conocer la educación artística infantil, así como las principales etapas por las que el alumnado va pasando en su desarrollo artístico. Se han recogido una serie de autorretratos realizados por determinados alumnos, en diferentes momentos. El análisis de estas representaciones nos ha permitido observar la diferencia de ritmos existente en el interior de un mismo aula, así como la cantidad de información que se puede obtener, como docente, a través de los grafismos.</subfield>
</datafield>
<datafield tag="024" ind2=" " ind1="8">
<subfield code="a">http://uvadoc.uva.es/handle/10324/45962</subfield>
</datafield>
<datafield tag="245" ind1="0" ind2="0">
<subfield code="a">El autorretrato en la etapa de Educación Infantil, la evolución del grafismo infantil</subfield>
</datafield>
</record></metadata></record></GetRecord></OAI-PMH>